000
00364 a2200145 4500
005
20240925141154.0
008
240306b |||||||| |||| 00| 0 eng d
020
_a
9781542032063
041
_a
Marathi
100
_a
Abhyankar S.
_9
106329
245
_a
वन अरेन्ज्ड मर्डर
260
_b
Westland
_c
2020
300
_a
326
942
_c
BK
999
_c
356941
_d
356941